000 01313nam a2200265 a 4500
001 000010817
005 20200929162309.0
008 091012s1976 dr 001 0 spa d
040 _aDO-SdBNP
_bspa
_cBNPHU
082 _a917.293
_bM837d
100 1 _aMoreau de Saint-Méry, M. L.
_d1750-
_926131
245 1 0 _aDescripción de la parte española de Santo Domingo /
_cM. L. Moreau de Saint-Méry ; traducción C. Armando Rodríguez.
260 _aSanto Domingo :
_bEditora de Santo Domingo,
_c1976.
300 _aix, 471p. ;
_c23 cm.
490 1 _aSociedad Dominicana de Bibliófilos
_aCultura dominicana
_v15
500 _aIncluye el mapa de Santo Domingo anexo
504 _aIncluye referencias bibliográficas y notas al pie de las páginas
533 _aFacsímile
_bPhiladelphie,
_cImprimé & fe trouve chez l'auteur, imprimeur-libraire ...,
_d1796
_e21 cm.
_nMapa: Carte de l'isle St. Domingue
534 _pTitulo original en francés
_tDescription Topographique et politeque de la partie espagnole de L isle Saint-Domingue
651 4 _aRepública Dominicana
_xDescripciones Y Viajes
_91651
651 4 _aRepública Dominicana
_xHistoria
_yHASTA 1791
_926132
700 1 _aRodríguez, C. Armando
_etr.
_926133
830 0 _aSociedad Dominicana de Bibliófilos
_pCultura dominicana
_v15
_926134
049 _aBNPD
999 _c10566
_d10566